<?xml version="1.0" encoding="UTF-8"?>
<marc:record xmlns:marc="http://www.loc.gov/MARC21/slim">
   <marc:leader>00000nam a2200000 a 4500</marc:leader>
   <marc:datafield ind1="1" ind2=" " tag="100">
      <marc:subfield code="a">Steinhöfel, Andreas</marc:subfield>
   </marc:datafield>
   <marc:datafield ind1="1" ind2=" " tag="100">
      <marc:subfield code="a">Herfurth, Karoline</marc:subfield>
   </marc:datafield>
   <marc:datafield ind1="1" ind2=" " tag="100">
      <marc:subfield code="a">Thalbach, Katharina</marc:subfield>
   </marc:datafield>
   <marc:datafield ind1="1" ind2=" " tag="100">
      <marc:subfield code="a">Engelke, Anke</marc:subfield>
   </marc:datafield>
   <marc:datafield ind1="1" ind2=" " tag="100">
      <marc:subfield code="a">Vollmar, Neele</marc:subfield>
   </marc:datafield>
   <marc:datafield ind1="0" ind2="0" tag="245">
      <marc:subfield code="a">Rico, Oskar und die Tieferschatten [Bildtonträger]</marc:subfield>
   </marc:datafield>
   <marc:datafield ind1="0" ind2="0" tag="245">
      <marc:subfield code="c">Regie: Neele Vollmar. Mit  Anke Engelke, Katharina Thalbach, Karoline Herfurth ... Nach dem Bestseller von Andreas Steinhöfel</marc:subfield>
   </marc:datafield>
   <marc:datafield ind1=" " ind2="1" tag="264">
      <marc:subfield code="b">Twentieth Century Fox</marc:subfield>
      <marc:subfield code="c">2016</marc:subfield>
   </marc:datafield>
   <marc:datafield ind1="1" ind2=" " tag="520">
      <marc:subfield code="a">Auf der Suche nach einer Fundnudel trifft der tiefbegabte Rico (10 Jahre alt) den hochbegabten Oscar (8 Jahre alt) und die beiden Jungs werden Freunde fürs Leben. Gemeinsam sind sie quer durch Berlin dem berüchtigten Entführer Mister 2000 auf der Spur. Doch dann ist Oskar plötzlich verschwunden und Rico muss seinen ganzen Mut zusammen nehmen, um seinen Freund zu finden...</marc:subfield>
   </marc:datafield>
   <marc:datafield ind1=" " ind2=" " tag="020">
      <marc:subfield code="a">4010232064998</marc:subfield>
      <marc:subfield code="9">4010232064998</marc:subfield>
   </marc:datafield>
   <marc:datafield ind1=" " ind2=" " tag="500">
      <marc:subfield code="a">Orig. : Deutschland 2014. Sprache: Deutsch (Dolby Digital 5.1)</marc:subfield>
   </marc:datafield>
   <marc:datafield ind1="0" ind2=" " tag="490">
      <marc:subfield code="v">0</marc:subfield>
   </marc:datafield>
   <marc:datafield ind1=" " ind2=" " tag="300">
      <marc:subfield code="a">1 DVD (92 Min.) : farbig</marc:subfield>
   </marc:datafield>
</marc:record>
